|
|
|
|
| LEADER |
00000nab a2200000ua 4500 |
| 001 |
vtls010761093 |
| 003 |
SK-MaSNL |
| 005 |
20260304202129.0 |
| 008 |
250718s2011 xo |||||||||||||||||slo| |
| 035 |
|
|
|a (urnnbn)urn:nbn:sk:snk:ar-a029kq
|
| 035 |
|
|
|a (uuid)1b8dee51-7ae2-427e-9981-964dc0036b8e
|
| 035 |
|
|
|a urn:nbn:sk:snk-ab4ifo
|
| 040 |
|
|
|a SNKBUCL
|b slo
|c SNKBUCL
|e AACR2
|
| 041 |
0 |
|
|a eng
|
| 044 |
|
|
|a xo
|c SK
|
| 100 |
1 |
|
|a Lawson, Michael
|4 aut
|9 828104
|
| 245 |
1 |
4 |
|a The use of FTIR analysis in determining the purity of gases
|c Michael Lawson, Miroslava Valková, Viliam Pätoprstý
|
| 700 |
1 |
|
|a Valková, Miroslava
|4 aut
|9 603756
|
| 700 |
1 |
|
|a Pätoprstý, Viliam
|4 aut
|9 365774
|
| 773 |
0 |
|
|t Acta Chimica Slovaca
|g Roč. 4, č. 2 (2011), s. [72]-77
|
| 850 |
|
|
|a Slovenská národná knižnica
|
| 852 |
|
|
|a Slovenská národná knižnica
|
| 958 |
|
|
|a article3
|
| 958 |
|
|
|a OND
|
| 999 |
|
|
|c 3100746
|d 3102676
|